Biodiversity under threat: (Record no. 5632)

MARC details
000 -LEADER
fixed length control field 00543nam a22001937a 4500
003 - CONTROL NUMBER IDENTIFIER
control field OSt
005 - DATE AND TIME OF LATEST TRANSACTION
control field 20170303133202.0
008 - FIXED-LENGTH DATA ELEMENTS--GENERAL INFORMATION
fixed length control field 170303b xxu||||| |||| 00| 0 eng d
020 ## - INTERNATIONAL STANDARD BOOK NUMBER
International Standard Book Number 9780854042517
040 ## - CATALOGING SOURCE
Transcribing agency DDC.
082 ## - DEWEY DECIMAL CLASSIFICATION NUMBER
Classification number 333.9516BIO 2007.
100 ## - MAIN ENTRY--PERSONAL NAME
Personal name Edited by RE,Hester;Harrison,R M;
9 (RLIN) 11747
245 ## - TITLE STATEMENT
Title Biodiversity under threat:
260 ## - PUBLICATION, DISTRIBUTION, ETC. (IMPRINT)
Place of publication, distribution, etc. UK,
Name of publisher, distributor, etc. RSC Publishing.
Date of publication, distribution, etc. 2007.
300 ## - PHYSICAL DESCRIPTION
Extent xviii,272p;
Other physical details ill:
Dimensions 25cm.
504 ## - BIBLIOGRAPHY, ETC. NOTE
Bibliography, etc includes references and index.
650 ## - SUBJECT ADDED ENTRY--TOPICAL TERM
Topical term or geographic name as entry element Environmental science.
9 (RLIN) 11748
942 ## - ADDED ENTRY ELEMENTS (KOHA)
Source of classification or shelving scheme Dewey Decimal Classification
Koha item type Open Shelf
Holdings
Withdrawn status Lost status Source of classification or shelving scheme Damaged status Not for loan Home library Current library Date acquired Source of acquisition Inventory number Total Checkouts Full call number Barcode Date last seen Price effective from Koha item type
    Dewey Decimal Classification     MUST Main Library MUST Main Library 03/03/2017   09/31151   333.9516BIO 2007. 2017-0320 03/03/2017 03/03/2017 Open Shelf